გადაუდებელი დახმარება და მკურნალობა სხეულის დაზიანებისა და ძვლების მოტეხილობების დროს / (ბიბ.ჩანაწერი № 62374)
[ მარტივი ფორმატი ]
| 000 -ლიდერი | |
|---|---|
| ფიქსირებული სიგრძის საკონტროლო ველი | 01249nam a22002297a 4500 |
| 003 - საკონტროლო ნომრის იდენტიფიკატორი | |
| საკონტროლო ველი | Ge_BSU |
| 005 - ბოლო ოპერაციის თარიღი და დრო | |
| საკონტროლო ველი | 20241017170137.0 |
| 008 - ფიქსირებული სიგრძის მონაცემთა ელემენტები - ზოგადი ინფორმაცია | |
| ფიქსირებული სიგრძის საკონტროლო ველი | 241017s1991 ge ||||| |||| 00| 0 geo d |
| 041 ## - ენის კოდი | |
| Language code of text/sound track or separate title | geo |
| 080 ## - უნივერსალური ათობითი კლასიფიკაციის ინდექსი | |
| Universal Decimal Classification number | 616-083.98 ღ-91 |
| 100 ## - მთავარი ჩანაწერი - პიროვნების სახელი | |
| Personal name | ღუდუშაური, ოთარ |
| 9 (RLIN) | 23432 |
| 245 ## - ცნობა სათაურის შესახებ | |
| Title | გადაუდებელი დახმარება და მკურნალობა სხეულის დაზიანებისა და ძვლების მოტეხილობების დროს / |
| Statement of responsibility, etc | ო. ღუდუშაური, ო. ჩახუნაშვილი, ვ. ჯოხაძე. |
| 264 ## - წარმოების, გამოცემის, დისტრიბუციის და სხვა ცნობები | |
| გამოცემის, წარმოების, დისტრიბუციის... ადგილი | თბ. : |
| გამოცემის, წარმოების, დისტრიბუციის... სახელწოდება | საქართველო, |
| გამოცემის, წარმოების, დისტრიბუციის... თარიღი | 1991. |
| 300 ## - ფიზიკური აღწერა | |
| Extent | 194 გვ. : |
| Other physical details | ილ. ; |
| Dimensions | 20 სმ. |
| 653 ## - INDEX TERM--UNCONTROLLED | |
| Uncontrolled term | სხეულის დაზიანებები |
| 653 ## - INDEX TERM--UNCONTROLLED | |
| Uncontrolled term | გადაუდებელი დახმარება |
| 653 ## - INDEX TERM--UNCONTROLLED | |
| Uncontrolled term | ძვლების მოტეხილობები |
| 653 ## - INDEX TERM--UNCONTROLLED | |
| Uncontrolled term | გადაუდებელი დახმარება. |
| 700 ## - ADDED ENTRY--PERSONAL NAME | |
| Personal name | ჩახუნაშვილი, ო. |
| Relator term | ავტორი |
| 9 (RLIN) | 23433 |
| 700 ## - ADDED ENTRY--PERSONAL NAME | |
| Personal name | ჯოხაძე, ვ., |
| Relator term | ავტორი |
| 9 (RLIN) | 23434 |
| 942 ## - ADDED ENTRY ELEMENTS (KOHA) | |
| Source of classification or shelving scheme | |
| Koha item type | წიგნი |
| ჩამოწერის სტატუსი | დაკარგული ეგზემპლარის სტატუსი | კლასიფიკაციის წყარო ან თაროზე გაწყობის სქემა | დაზიანების სტატუსი | არ გაიცემა | მუდმივი მდებარეობა (დაცვის ადგილი) | ამჟამინდელი ადგილსამყოფელი | თაროზე განთავსების ადგილი | შეძენის თარიღი | ღირებულება, შესყიდვის ნორმალური ფასი | სრული შენახვის შიფრი | შტრიხკოდი | ბოლო ოპერაციის თარიღი | ეგზემპლარის მიმდევრობითი ნომერი (კეტერი?) | ფასის ძალაში შესვლის თარიღი | ეგზემპლარის სახეობა | საჯარო შენიშვნა |
|---|---|---|---|---|---|---|---|---|---|---|---|---|---|---|---|---|
| ბათუმის შოთა რუსთაველის სახელმწიფო უნივერსიტეტის მთავარი ბიბლიოთეკა | ბათუმის შოთა რუსთაველის სახელმწიფო უნივერსიტეტის მთავარი ბიბლიოთეკა | წიგნსაცავი | 2024-10-17 | 3.00 | 616-083.98 ღ-91 | 69389 | 2024-10-17 | 69389 | 2024-10-17 | წიგნი | 3 ლ. | |||||
| ბათუმის შოთა რუსთაველის სახელმწიფო უნივერსიტეტის მთავარი ბიბლიოთეკა | ბათუმის შოთა რუსთაველის სახელმწიფო უნივერსიტეტის მთავარი ბიბლიოთეკა | წიგნსაცავი | 2024-11-18 | 7.00 | 616-083.98 ღ-91 | 69784 | 2024-11-18 | 69784 | 2024-11-18 | წიგნი | 7 ლ. | |||||
| ბათუმის შოთა რუსთაველის სახელმწიფო უნივერსიტეტის მთავარი ბიბლიოთეკა | ბათუმის შოთა რუსთაველის სახელმწიფო უნივერსიტეტის მთავარი ბიბლიოთეკა | წიგნსაცავი | 2024-12-18 | 7.00 | 616-083.98 ღ-91 | 70044 | 2024-12-18 | 70044 | 2024-12-18 | წიგნი | 7.00 | |||||
| ბათუმის შოთა რუსთაველის სახელმწიფო უნივერსიტეტის მთავარი ბიბლიოთეკა | ბათუმის შოთა რუსთაველის სახელმწიფო უნივერსიტეტის მთავარი ბიბლიოთეკა | წიგნსაცავი | 2024-12-18 | 7.00 | 616-083.98 ღ-91 | 70045 | 2024-12-18 | 70045 | 2024-12-18 | წიგნი | 7.00 | |||||
| ბათუმის შოთა რუსთაველის სახელმწიფო უნივერსიტეტის მთავარი ბიბლიოთეკა | ბათუმის შოთა რუსთაველის სახელმწიფო უნივერსიტეტის მთავარი ბიბლიოთეკა | წიგნსაცავი | 2024-12-18 | 7.00 | 616-083.98 ღ-91 | 70046 | 2024-12-18 | 70046 | 2024-12-18 | წიგნი | 7.00 | |||||
| ბათუმის შოთა რუსთაველის სახელმწიფო უნივერსიტეტის მთავარი ბიბლიოთეკა | ბათუმის შოთა რუსთაველის სახელმწიფო უნივერსიტეტის მთავარი ბიბლიოთეკა | წიგნსაცავი | 2024-12-18 | 7.00 | 616-083.98 ღ-91 | 70047 | 2024-12-18 | 70047 | 2024-12-18 | წიგნი | 7 ლ. |
